[Event "56th Rubinstein Memorial A 2020"]
[Site "Polanica Zdroj"]
[Date "2020.08.17"]
[Round "3.7"]
[White "Poltorak, Sebastian"]
[Black "Goluch, Piotr"]
[Result "0-1"]
[WhiteElo "1974"]
[BlackElo "2376"]
[Annotator "TA"]
[PlyCount "104"]
[EventDate "2020.08.15"]
[EventType "swiss"]
[EventCountry "POL"]
[SourceTitle "playchess.com"]
[Source "ChessBase"]
[SourceQuality "1"]

{[%evp 25,104,10,12,21,34,0,0,0,5,-13,-12,-5,-6,-16,-12,-31,0,-31,0,0,0,0,0,-140,-149,-258,-279,-279,-273,-347,-177,-176,-189,-458,-470,-455,-450,-487,-483,-467,-481,-664,-621,-820,-825,-822,-812,-758,-643,-837,-835,-847,-785,-776,-771,-746,-700,-883,-848,-814,-791,-713,-679,-641,-594,-763,-732,-781,-795,-764,-736,-1140,-1092,-29972,-29973,-7100,-6315,-29977,-29977,-29988,-29979]} 1. e4 c6 2. Nc3 d5 3. Nf3 Bg4 4. h3 Bh5 5. exd5 cxd5 6. g4 Bg6 7. Bb5+ Nc6 8. Ne5 Rc8 9. d4 e6 10. h4 f6 11. Nxg6 hxg6 12. Qd3 Kf7 13. Bxc6 Rxc6 14. Bd2 {B11: Caro-Kann: Two Knights Variation.} Bb4 15. a3 Bxc3 16. Bxc3 {The position is equal.} Qc7 17. h5 {[#]} gxh5 $146 ({Predecessor:} 17... Ne7 18. hxg6+ Nxg6 19. Rxh8 Nxh8 20. g5 f5 21. O-O-O Qf4+ 22. Qd2 Ng6 23. Bb4 b6 24. Re1 Rc4 25. Qxf4 Nxf4 26. Bd6 Nd3+ {0-1 (26) Vovk,I (2299)-Lintchevski,D (2541) Tallinn 2014}) 18. gxh5 {[#] Hoping for Qg6+.} Ne7 19. O-O-O Qf4+ 20. Kb1 Qf5 21. Qe2 Nc8 22. Bb4 Nb6 23. Rd3 Rhc8 $36 {[%mdl 2048] Black has some pressure.} 24. h6 {Black converts the advantage convincingly.} (24. Rc1 $11) 24... Rxc2 $17 25. Qxc2 (25. Qf3 $17 Rxf2 26. Qxf5 exf5 27. hxg7) 25... Rxc2 $19 26. Kxc2 {[#] Black must now prevent h7.} gxh6 $1 ({Much less strong is} 26... Qxf2+ 27. Kb3 $19) 27. b3 Qxf2+ (27... e5 $142 {And now ...Nc4! would win.} 28. Rhd1 e4) 28. Rd2 Qe3 {aiming for ...Qe4+.} 29. Rdh2 $2 (29. Rc1) 29... Qxd4 30. Rxh6 {intending Rh7+.} Qf2+ 31. Kb1 e5 32. Rh7+ Ke6 33. R7h2 Qf3 34. Kb2 d4 35. Bd2 Nd5 36. Rh3 Qe2 37. R3h2 Qd3 38. Re1 Nc3 39. Rc1 Ne4 40. Bb4 Qb5 41. Rc4 a5 42. a4 Qb6 43. Ba3 Nc3 44. Rh8 Nd5 45. Bc5 Qa6 46. Rh2 b5 47. axb5 Qxb5 48. Ba3 Ne3 49. Ra4 Nd1+ 50. Kc2 Nc3 {( -> ...Qf1)} 51. Rc4 a4 52. Bb4 Nd5 {Accuracy: White = 44%, Black = 84%.} 0-1

[Event "56th Rubinstein Memorial A 2020"]
[Site "Polanica Zdroj"]
[Date "2020.08.17"]
[Round "3.8"]
[White "Dahl, Christoph"]
[Black "Luba, Lukasz"]
[Result "1/2-1/2"]
[WhiteElo "2228"]
[BlackElo "2188"]
[Annotator "TA"]
[PlyCount "115"]
[EventDate "2020.08.15"]
[EventType "swiss"]
[EventCountry "POL"]
[SourceTitle "playchess.com"]
[Source "ChessBase"]
[SourceQuality "1"]

{[%evp 9,115,64,101,84,108,104,118,82,158,159,159,150,154,154,147,132,148,133,189,187,150,139,350,319,375,347,358,320,337,181,288,137,310,72,66,62,61,65,71,72,91,63,166,162,164,121,139,44,34,31,55,0,0,0,0,0,0,0,0,-61,37,-97,-95,-93,-6,-92,-89,-88,-66,-87,-44,-91,0,0,0,0,0,0,0,0,0,0,0,0,0,-8,0,0,0,-31,-31,-38,0,0,14,14,34,8,8,8,8,8,8,8,8,8,8,0]} 1. e4 d6 2. d4 g6 3. Nc3 Bg7 4. f4 h5 5. Nf3 Bg4 6. Be3 $1 {B06: Modern Defence.} c6 7. h3 {[#]} Bd7 $146 ({Predecessor:} 7... Bxf3 8. Qxf3 Nd7 9. e5 h4 10. Bd3 Nf8 11. O-O-O d5 12. f5 gxf5 13. Bxf5 e6 14. Bd3 {½-½ (68) Galunova,T (2040)-Sirkova,D (2086) Plovdiv 2012}) 8. a4 {White is better.} b6 (8... d5 $142) 9. Bc4 $16 e6 10. O-O Ne7 11. Qe2 d5 12. Bd3 Bc8 13. Rae1 dxe4 (13... O-O $16 {was worth a try.}) 14. Nxe4 $18 Nf5 15. c3 Nxe3 $2 (15... Nd7 $16 16. Ne5 O-O) 16. Qxe3 a5 17. Ne5 Ra7 18. Ng5 O-O 19. Qf3 (19. Qg3 $142) 19... c5 (19... Bxe5 $142 20. dxe5 Nd7) 20. dxc5 (20. Nexf7 $18 {is more deadly.} Rfxf7 21. Nxf7 (21. Bxg6 Qxg5 22. Bxf7+ Rxf7 $18) 21... Kxf7 22. Qg3) 20... bxc5 $2 (20... Bxe5 $16 21. Rxe5 bxc5) 21. Bc4 $2 (21. Ngxf7 $18 {has better winning chances.} Raxf7 22. Nxf7 Kxf7 23. Qg3) 21... Bxe5 $16 22. Rxe5 Nd7 23. Re3 {And now Rd1 would win.} Nb6 24. Bb5 Bb7 25. Qe2 {Threatens to win with Nxe6!} Bd5 (25... Ba8 $1 $14) 26. c4 $18 Ba8 27. Rd3 $1 {[%cal Rd3d8]} Qf6 28. Ne4 (28. Qe5 $16 Qf5 29. Rfd1) 28... Bxe4 $1 $14 29. Qxe4 Rc7 30. Qe5 (30. Qe1 $14) 30... Qxe5 $11 31. fxe5 Nc8 $1 32. g4 hxg4 33. hxg4 Kg7 34. Kg2 (34. Rfd1 $11) 34... Rh8 ({Better is} 34... Ne7 $15) 35. Kg3 (35. Rfd1 $1 $14 {keeps the upper hand.}) 35... g5 $1 $17 36. Rdf3 Rd8 ({Black should try} 36... Rf8 $1 $17) 37. R1f2 (37. Ba6 $11 {remains equal.}) 37... Rf8 $1 38. Rh2 {[#]} Ne7 $1 39. Rh5 Ng6 40. Rxg5 {[#]} Rh8 (40... Rd8 $1 $17) 41. Rd3 $36 {[%mdl 2048] White has the initiative.} Rh1 42. Rd6 Kh6 43. Rh5+ $1 Rxh5 44. gxh5 Kxh5 {[%mdl 4096] Endgame KRB-KRN} 45. Ra6 Kg5 46. Rxa5 Kf5 47. Ra8 Kxe5 48. a5 Ne7 49. Rd8 Nc6 $1 {[%cal Rc6d8]} 50. Ra8 Nb4 51. a6 f5 52. Rb8 Kd4 53. Rb7 Nxa6 {[%mdl 64] Remove Defender. The position is equal.} 54. Bxa6 Rxb7 55. Bxb7 {Strongly threatening b3.} Kxc4 56. Bc8 Kb3 57. Bxe6+ Kxb2 58. Bxf5 {Accuracy: White = 60%, Black = 65%.} 1/2-1/2

[Event "56th Rubinstein Memorial A 2020"]
[Site "Polanica Zdroj"]
[Date "2020.08.17"]
[Round "3.9"]
[White "Fiedorek, Michal"]
[Black "Polak, Michal"]
[Result "1/2-1/2"]
[WhiteElo "2212"]
[BlackElo "1878"]
[Annotator "TA"]
[PlyCount "126"]
[EventDate "2020.08.15"]
[EventType "swiss"]
[EventCountry "POL"]
[SourceTitle "playchess.com"]
[Source "ChessBase"]
[SourceQuality "1"]

{[%evp 30,126,41,12,17,0,12,7,0,6,5,0,0,0,6,7,6,0,0,0,0,0,0,0,0,0,0,0,0,0,0,0,0,-7,0,0,0,-82,0,-20,0,-5,0,-36,-12,-14,0,-1,28,0,0,0,28,28,28,7,8,8,8,8,8,8,8,0,0,0,0,0,0,0,0,0,8,0,8,0,8,8,8,8,10831,0,9,8,8,8,8,8,8,0,16,0,6091,8,8,8,3951,0,9775]} 1. e4 e5 2. Nf3 Nc6 3. Bb5 a6 4. Ba4 Nf6 5. O-O Nxe4 6. d4 b5 7. Bb3 d5 8. dxe5 Be6 9. Qe2 Be7 10. Rd1 O-O 11. c4 bxc4 12. Bxc4 Bc5 13. Be3 Bxe3 14. Qxe3 Qb8 15. Bb3 Na5 16. Nbd2 Nxd2 {C81: Open Ruy Lopez: Keres Variation (9 Qe2).} 17. Nxd2 Qa7 18. Qxa7 Rxa7 19. Rac1 {[#]} Rc8 $146 ({Predecessor:} 19... Rb8 20. Ba4 Rxb2 21. Rc5 Nb7 22. Rxc7 Ra8 23. Bc6 Rb8 24. Nf1 Nd8 25. Bxd5 Bxd5 26. Rxd5 {½-½ (41) Mueller,W-Fuhrwerk,K GER corr 1998}) 20. Bxd5 Bxd5 21. Rc5 {[%mdl 64] Double Attack} Bxa2 {Strongly threatening ...Rd8.} 22. Rxa5 Be6 23. Ne4 Rb7 24. Rd2 Rcb8 25. Rxa6 h6 26. Rc6 Rxb2 27. Rxb2 Rxb2 $11 {[%mdl 4096] Endgame KRB-KRN} 28. Nc3 Rb7 29. f4 Kf8 30. Kf2 Ke7 31. Kf3 Kd7 32. Rc5 Rb4 33. Ne4 (33. g4 $11 {keeps the balance.}) 33... Rb3+ (33... c6 $1 $17 {White must now prevent ...Bd5.} 34. Nc3 Kc7) 34. Ke2 Rb4 35. Ke3 Rb3+ 36. Nc3 Rb2 37. Kf3 Rb4 38. Ke3 Rc4 39. Ne4 {Hoping for f5!} Rb4 40. Rc3 Rc4 (40... Bd5 {seems wilder.} 41. Nc5+ Ke7 42. g3 f6 43. exf6+ Kxf6 44. Na6 Re4+) 41. Rxc4 Bxc4 {KB-KN} 42. Kd4 Bf1 43. g4 Be2 44. h3 Bf1 45. h4 Be2 46. g5 hxg5 47. fxg5 Bd1 48. Nc3 Bg4 49. Nd5 Bf3 {And now ...Bxd5 would win.} 50. Nf4 Ke7 51. Kc5 Be4 52. Kd4 Bf3 53. h5 Bd1 54. Kc5 Bf3 $2 {[%mdl 8192]} (54... Kd7 $11) 55. Kd4 $2 (55. h6 $18 gxh6 56. Ng6+ $1 {[%mdl 512]} (56. gxh6 Be4 $11) 56... fxg6 57. gxh6) 55... Bd1 56. Kc3 Bg4 57. Kc4 Bf3 58. Kd3 Bg4 59. Kd4 Bd1 60. Kc5 $2 {[%mdl 8192]} (60. h6 $11 gxh6 61. Nd5+ (61. gxh6 Kf8 $14) 61... Kf8 62. gxh6) 60... Bf3 $18 {[#]} 61. Kb4 $2 (61. Ng6+ $1 $18 {[%mdl 512]} fxg6 62. h6 gxh6 63. gxh6) 61... Be4 62. Kb5 Bh1 $2 {[%mdl 8192]} (62... Kf8 $11) 63. Kc5 (63. h6 $142 gxh6 {[#]} 64. Ng6+ $1 {[%mdl 512]} (64. gxh6 Be4 $11) 64... fxg6 65. gxh6) 63... Bf3 {[%mdl 32768] Accuracy: White = 85%, Black = 82%. . An unexpected result.} 1/2-1/2

[Event "56th Rubinstein Memorial A 2020"]
[Site "Polanica Zdroj"]
[Date "2020.08.17"]
[Round "3.10"]
[White "Jachym, Adam"]
[Black "Luch, Michal"]
[Result "0-1"]
[WhiteElo "2042"]
[BlackElo "2409"]
[Annotator "TA"]
[PlyCount "80"]
[EventDate "2020.08.15"]
[EventType "swiss"]
[EventCountry "POL"]
[SourceTitle "playchess.com"]
[Source "ChessBase"]
[SourceQuality "1"]

{[%evp 9,80,-28,-33,-34,-42,-36,-42,-54,-50,-53,-36,-55,-60,-56,-37,-48,-28,-15,-38,-150,-177,-162,-158,-250,-258,-324,-329,-313,-302,-292,-228,-268,-271,-258,-274,-300,-292,-381,-383,-395,-387,-482,-480,-444,-463,-463,-449,-459,-453,-427,-266,-397,-282,-282,-260,-264,-262,-295,-244,-565,-377,-29967,-29968,-29968,-29969,-29969,-29970,-29945,-29960,-5831,-3536,-29994,-29993]} 1. e4 c5 2. Nf3 e6 3. c4 Nc6 4. Nc3 Nf6 5. d3 d5 6. cxd5 {A34: Symmetrical English: 2 Nc3, lines with ...d5.} exd5 7. Bg5 Be7 8. Be2 {Black is slightly better.} Be6 9. O-O O-O {[#]} 10. Re1 $146 ({Predecessor:} 10. Rc1 Rc8 11. Re1 a6 12. h3 h6 13. Bh4 b5 14. a4 d4 15. axb5 dxc3 16. bxc6 cxb2 {1-0 (77) Dzagnidze,N (2520)-Zhukova,N (2426) Antalya 2017}) 10... d4 11. Nb1 Qb6 12. b3 a5 {[%cal Ba7a5,Ba5a4][%mdl 32]} 13. Nbd2 {[#]} a4 $1 {[%mdl 512]} 14. Nh4 {Black continues to play with concentration.} (14. bxa4 $15 h6 15. Bh4) 14... h6 $17 15. Bxf6 Bxf6 (15... gxf6 16. Bg4 $16) 16. g3 (16. Nf5 $17) 16... axb3 $19 17. axb3 Rxa1 18. Qxa1 Bxh4 19. gxh4 Qd8 20. Qc1 b6 (20... Qxh4 21. Qxc5 Ra8 22. Nf3 $17) 21. f4 f5 ({Much less strong is} 21... Qxh4 22. f5 $17) 22. exf5 Bxf5 23. Bf3 Nb4 24. Ne4 Qxh4 25. Re2 Kh8 26. Qd2 Ra8 {( -> ...Ra1+)} 27. Ng3 Ra1+ 28. Re1 Rxe1+ 29. Qxe1 {Qe8+ is the strong threat.} Bg6 30. Qe6 (30. Qe5 $142 Qf6 31. Qxf6 gxf6 32. Be4) 30... Qf6 31. Qc8+ Kh7 32. f5 Bf7 33. Ne4 Qh4 34. Qc7 $2 (34. h3 {nothing else works.} Qe7 35. Be2) 34... Nd5 ({Stronger than} 34... Nxd3 35. h3 $11 (35. Qxf7 $2 Qe1+ 36. Kg2 Nf4#)) 35. Qb8 $2 {[#]} (35. Qxf7 $2 {leads to mate.} Qe1+ 36. Kg2 Nf4#) (35. Qg3 $19 Qf4 36. Qxf4 Nxf4 {[%mdl 64] Discovered Attack} 37. Bd1) 35... Qe1+ 36. Kg2 Ne3+ {[%mdl 64] Double Attack, Discovered Attack} 37. Kh3 Qf1+ {[%mdl 64] Double Attack} 38. Kg3 Nxf5+ 39. Kf4 Nh4 40. Nd2 Qf2 {[%mdl 64] Double Attack. Accuracy: White = 41%, Black = 79%.} 0-1

[Event "56th Rubinstein Memorial A 2020"]
[Site "Polanica Zdroj"]
[Date "2020.08.17"]
[Round "3.11"]
[White "Sabuk, Piotr"]
[Black "Luberanski, Jakub"]
[Result "1-0"]
[WhiteElo "2377"]
[BlackElo "2146"]
[Annotator "TA"]
[PlyCount "71"]
[EventDate "2020.08.15"]
[EventType "swiss"]
[EventCountry "POL"]
[SourceTitle "playchess.com"]
[Source "ChessBase"]
[SourceQuality "1"]

{[%evp 23,71,0,7,8,12,-15,7,20,72,58,61,61,87,88,87,64,68,61,99,102,102,102,92,67,58,20,68,78,122,125,147,139,439,432,1163,1148,1303,1301,1287,1285,1211,1179,1627,1671,1641,1479,2462,1895,5510,5506]} 1. c4 Nf6 2. Nc3 e5 3. Nf3 d6 4. d4 exd4 5. Nxd4 g6 6. g3 Bg7 7. Bg2 O-O 8. O-O Re8 9. b3 {[%cal Bb2b3,Bb3b4][%mdl 32]} Nbd7 10. Bb2 c6 11. Qc2 a5 12. a3 Nc5 13. b4 {[#] E67: King's Indian: Fianchetto: 6...Nbd7.} Ne6 $146 ({Predecessor:} 13... axb4 14. axb4 Rxa1 15. Rxa1 Ne6 16. Nxe6 Bxe6 17. b5 Ng4 18. bxc6 bxc6 19. Ra6 Bxc4 20. Rxc6 Ne5 {½-½ (33) Serper,G (2575)-Safin,S (2450) Tashkent 1992}) 14. Na4 Nxd4 (14... Ng5 {seems wilder.} 15. f3 d5 16. c5 Qe7 17. Qd2 Nd7) 15. Bxd4 {The position is equal.} Nd7 (15... axb4 $11 {remains equal.} 16. axb4 Ng4) 16. Bxg7 $16 Kxg7 17. b5 cxb5 18. cxb5 Nb6 19. Rfd1 Bf5 20. Qb2+ Kg8 21. Nxb6 Qxb6 22. a4 Rac8 {[%cal Ba8c8,Bc8c4,Bc4b4][%mdl 32]} 23. Rd2 Rc4 24. Rad1 Rb4 25. Qa1 Re6 26. Bd5 $36 {[%mdl 2048] White is on the roll.} Re5 27. Ba2 {[%mdl 64] [#] Discovered Attack} Qc5 $2 {[%mdl 8192] Loses the game.} (27... Re8 $16 28. Rxd6 Qc7) 28. Rxd6 $18 {aiming for Rd8+.White is clearly winning.} h5 (28... Rbe4 $142 29. e3 Bg4) 29. Rd8+ Kh7 {[#]} 30. R1d5 $1 Qxd5 31. Rxd5 Rxd5 32. Bxd5 Rb1+ 33. Qxb1 $1 Bxb1 34. Bxb7 Bc2 35. b6 Bxa4 36. Bd5 {Accuracy: White = 80%, Black = 42%.} 1-0

[Event "56th Rubinstein Memorial A 2020"]
[Site "Polanica Zdroj"]
[Date "2020.08.17"]
[Round "3.12"]
[White "Rogacewicz, Mikolaj"]
[Black "Marszalek, Maciej"]
[Result "0-1"]
[WhiteElo "1970"]
[BlackElo "2315"]
[Annotator "ChessBase"]
[PlyCount "44"]
[EventDate "2020.08.15"]
[EventType "swiss"]
[EventCountry "POL"]
[SourceTitle "playchess.com"]
[Source "ChessBase"]
[SourceQuality "1"]
[TimeControl "40/5400+30:1800+30"]

1. d4 Nf6 2. c4 e6 3. g3 c5 4. d5 exd5 5. cxd5 d6 6. Nc3 g6 7. Bg2 Bg7 8. Nf3 O-O 9. O-O Re8 10. Nd2 a6 11. a4 Nbd7 12. h3 Rb8 13. Nc4 Ne5 14. Na3 Nh5 15. e4 Bd7 16. a5 b5 17. g4 b4 18. gxh5 bxa3 19. b3 Qh4 20. Rxa3 Bxh3 21. f3 Ng4 22. fxg4 Bd4+ 0-1

[Event "56th Rubinstein Memorial A 2020"]
[Site "Polanica Zdroj"]
[Date "2020.08.17"]
[Round "3.13"]
[White "Sernecki, Franciszek"]
[Black "Turski, Bartlomiej"]
[Result "1-0"]
[WhiteElo "2243"]
[BlackElo "1985"]
[Annotator "TA"]
[PlyCount "61"]
[EventDate "2020.08.15"]
[EventType "swiss"]
[EventCountry "POL"]
[SourceTitle "playchess.com"]
[Source "ChessBase"]
[SourceQuality "1"]

{[%evp 19,61,46,84,51,55,52,50,60,69,0,0,-10,2,-24,65,73,73,70,65,62,67,50,140,85,147,167,220,107,139,153,177,158,206,187,439,244,327,261,577,577,837,837,2012,1927]} 1. d4 Nf6 2. c4 g6 3. Nc3 Bg7 4. e4 d6 5. Be2 O-O 6. Nf3 e5 7. O-O Nc6 8. d5 Ne7 9. b4 a5 10. bxa5 $1 {[%mdl 4] is more profitable than 10.Ba3 at the moment. Played by Anish Giri in July 2020.} c5 11. Ne1 {E97: King's Indian: Classical Main Line (6...e5 7 0-0 Nc6): 8 Be3 and 8 d5 Ne7, not 9 Ne1.} Rxa5 12. Nd3 Ne8 13. Bd2 {White is slightly better.} f5 {[#]} 14. f4 $146 (14. f3 $14) ({Predecessor:} 14. f3 f4 15. Qb3 g5 16. g4 h5 17. h3 Kf7 18. Kg2 Ng6 19. Rab1 Nh4+ 20. Kf2 {0-1 (48) Schuh,R-Biolek,R (2420) Sala 1994}) 14... exf4 $11 15. Nxf4 Nf6 16. Bf3 Ra8 ({Black should play} 16... fxe4 $11 17. Bxe4 b5 18. cxb5 Nxe4 19. Nxe4 Rxb5) 17. exf5 $14 Nxf5 18. Ne6 Bxe6 $1 19. dxe6 Qe7 20. Re1 $1 {Bg5 is the strong threat.} h6 (20... Nh5 $14 21. Nd5 (21. Bxh5 Qh4 $11) 21... Qh4) 21. Rb1 $36 {[%mdl 2048] White is on the roll.} Ra7 ({Black should try} 21... Nh5 22. g4 (22. Bxb7 $2 Bd4+ 23. Be3 Nxe3 $19) (22. Bxh5 Qh4 $16) 22... Bxc3 23. Bxc3 Nh4) 22. Rb6 {aiming for Nb5.} Nd4 {[#]} (22... Qd8 $142 23. Qb1 (23. Rxb7 Rxb7 24. Bxb7 Nh7 $16) 23... Ne8) 23. Nb5 (23. Bf4 $1 $18 {[%cal Rf4d6] is more deadly.} Rd8 24. a4) 23... Nxb5 24. Rxb5 Kh7 25. Qb1 Rb8 26. Rb3 Bh8 $2 {[#]} (26... Ra4 27. Qc2 (27. Bxb7 Rxc4 28. Bf3 Rxb3 $14) (27. Rxb7 Rxb7 28. Qxb7 Ng8 $16) 27... Ra7) 27. Bf4 (27. Bd1 $142) 27... Bg7 28. Kh1 Bf8 $2 (28... Ra4 {is tougher.} 29. Rb6 (29. Rxb7 Rxb7 30. Qxb7 Qxb7 $18) 29... Ne8) 29. Bd1 $18 {White is clearly winning.} Re8 30. Rg3 Qf7 31. Bc2 {Accuracy: White = 61%, Black = 25%.} (31. exf7 $2 {leads to mate.} Rxe1#) 1-0

[Event "56th Rubinstein Memorial A 2020"]
[Site "Polanica Zdroj"]
[Date "2020.08.17"]
[Round "3.14"]
[White "Bronowicki, Mateusz"]
[Black "Czarniecka, Aleksandra"]
[Result "1/2-1/2"]
[WhiteElo "2275"]
[BlackElo "2043"]
[Annotator "TA"]
[PlyCount "58"]
[EventDate "2020.08.15"]
[EventType "swiss"]
[EventCountry "POL"]
[SourceTitle "playchess.com"]
[Source "ChessBase"]
[SourceQuality "1"]

{[%evp 9,58,-14,-11,-10,0,-9,-10,0,10,0,22,2,4,0,0,5,22,10,16,0,19,12,14,0,20,-26,-25,-51,-53,-50,-27,-110,-98,-96,-17,-26,-19,-106,-106,-105,-97,-143,-54,-113,-40,-35,0,-115,0,-69,0]} 1. d4 Nf6 2. Bg5 d5 3. Bxf6 exf6 4. e3 Bd6 5. g3 O-O 6. Bg2 {D00: 1 d4 d5: Unusual lines.} c6 7. Nd2 Re8 8. Ne2 {The position is equal.} b5 {[%cal Bb7b5,Bb5b4][%mdl 32]} 9. O-O Bf5 10. a4 {[#] Threatens to win with axb5.} b4 $1 {[#]} 11. Re1 $146 ({Predecessor:} 11. a5 Na6 12. Nb3 Rb8 13. Qd2 Rb7 14. Nec1 Rbe7 15. Re1 Qc8 16. Nd3 Be4 17. Ra4 Bxg2 18. Kxg2 {1-0 (56) Huelsmann,J (2215)-Lutz,A (2138) Radebeul 2019}) 11... a5 12. Nc1 Ra7 13. Nd3 Rae7 14. Nb3 Nd7 15. Qd2 Qb6 16. Rac1 Qa6 17. f3 Bg6 18. Bh3 {Strongly threatening Bxd7.} Nb6 19. Ndc5 Qa7 20. e4 (20. c3 $11) 20... dxe4 21. fxe4 Bxe4 (21... Nc4 $17 22. Qf2 Bxc5 23. Nxc5 Nd6) 22. Nxe4 Rxe4 23. Bg2 {[#]} (23. Rxe4 $11 Rxe4 24. c4) 23... Rxe1+ $1 $17 24. Rxe1 Rc8 25. c3 h6 ({But not} 25... Nxa4 26. c4 $15) (25... bxc3 $17 26. bxc3 c5) 26. Kh1 ({White should play} 26. Qf2 $15) 26... Qa6 (26... Bf8 $17) 27. Bf1 Qa7 (27... Qb7 $15) 28. Bg2 Qa6 29. Bf1 Qa7 {Accuracy: White = 69%, Black = 70%.} (29... bxc3 $15 30. bxc3 Qa7) 1/2-1/2

[Event "56th Rubinstein Memorial A 2020"]
[Site "Polanica Zdroj"]
[Date "2020.08.17"]
[Round "3.15"]
[White "Jaskolka, Tomasz"]
[Black "Grzesik, Norbert"]
[Result "1/2-1/2"]
[WhiteElo "2196"]
[BlackElo "1980"]
[Annotator "TA"]
[PlyCount "127"]
[EventDate "2020.08.15"]
[EventType "swiss"]
[EventCountry "POL"]
[SourceTitle "playchess.com"]
[Source "ChessBase"]
[SourceQuality "1"]

{[%evp 20,127,40,40,44,40,51,47,50,43,51,39,61,5,3,-8,-8,-1,11,10,24,12,43,40,34,36,41,35,59,0,0,0,0,0,42,35,29,33,36,35,40,26,64,27,24,25,51,51,138,143,176,122,163,152,166,141,215,106,106,106,126,60,152,152,146,0,0,0,0,0,0,0,8,8,8,0,8,8,60,60,60,60,85,85,85,85,85,85,85,85,85,85,85,85,85,85,85,8,8,8,8,8,8,0,0,0,0,0,0,0]} 1. d4 Nf6 2. Bf4 e6 3. e3 b6 4. Nf3 Bb7 5. Nbd2 Be7 6. h3 O-O 7. Bd3 c5 8. c3 Nc6 9. Qe2 cxd4 10. exd4 d6 11. O-O Re8 {A47: 1 d4 Nf6 2 Nf3 b6: Torre, London and Colle Systems.} 12. Rfe1 Rc8 13. Rad1 Qc7 {[#] White is slightly better.} 14. Ng5 $146 ({Predecessor:} 14. Ne4 Nxe4 15. Qxe4 g6 16. Qe2 Bf6 17. Bb5 Ra8 18. d5 exd5 19. Qxe8+ Rxe8 20. Rxe8+ {0-1 (30) Pujol Clua,R (2275)-Arroyo Salido,M (2230) Candas 1992}) 14... Na5 15. Ndf3 (15. Bg3 {seems wilder.} Qd7 16. Ngf3 Nh5 17. Bh2 Nf6 18. a3) 15... Bd5 16. Rc1 (16. Nxf7 $14 Kxf7 17. Ng5+ Kg8 18. Qc2) 16... Bc4 $11 17. b3 Bxd3 18. Qxd3 h6 19. Ne4 $1 ({Don't play} 19. Nxf7 Kxf7 20. g4 Qd7 $17) 19... Nxe4 20. Rxe4 Qc6 21. Re3 Bf6 22. Rce1 Qd7 23. g4 Nc6 24. d5 (24. g5 $1 $14 hxg5 25. Bxg5) 24... exd5 25. Qf5 Re6 26. Qxd5 {[%cal Re3e6]} Rce8 27. c4 Rxe3 28. Rxe3 Rxe3 29. fxe3 Be7 30. a3 a5 31. e4 Qc7 32. Kf1 Nd8 33. Nd4 Qc5 (33... Bf8 $14) 34. Nf5 $36 {[%mdl 2048] Keeping Black busy.} Kf8 35. Qxc5 (35. Bxd6 $18 Bxd6 36. Qxd6+ Qxd6 37. Nxd6) 35... dxc5 $18 {[%mdl 4096] Endgame KBN-KBN} 36. Bc7 Nb7 37. Bxb6 Bf6 (37... Bd8 $16 {might work better.}) 38. Ke2 (38. Bc7 $1 $18) 38... Be5 $16 39. Kd3 Ke8 40. b4 ({White should try} 40. Ba7 $16) 40... cxb4 (40... axb4 $14 41. axb4 g6) 41. axb4 axb4 {[#]} 42. Bd4 (42. c5 $1 $16) 42... Bxd4 $11 43. Kxd4 {KN-KN} g6 44. Nxh6 Nc5 45. Ng8 ({Don't blunder} 45. Kxc5 $2 b3 $19) 45... Nb3+ 46. Ke3 Na5 47. Nf6+ Ke7 48. Nd5+ {[%mdl 64] Double Attack} Kd6 (48... Ke6 $11) 49. Nxb4 $14 {And now Kd4 would win.} Nxc4+ 50. Kf4 $1 Ke6 51. Nd3 f6 52. h4 Nd6 53. Nc5+ Kf7 {[#]} 54. Nd7 $1 {[%cal Rd7f6] Hoping for Nxf6!} Ne8 55. e5 fxe5+ 56. Kg5 Kg7 57. Nxe5 Nf6 58. Nxg6 (58. Kf4 $16) 58... Nxg4 $1 $11 {The position is equal.} 59. h5 Nh6 60. Nf4 Nf7+ 61. Kf5 Nh6+ 62. Ke6 Ng4 63. Ke7 Ne3 64. h6+ {Black escapes into a draw. Accuracy: White = 79%, Black = 76%.} 1/2-1/2

[Event "56th Rubinstein Memorial A 2020"]
[Site "Polanica Zdroj"]
[Date "2020.08.17"]
[Round "3.16"]
[White "Wisniewski, Michal"]
[Black "Kolodziejski, Piotr"]
[Result "1/2-1/2"]
[WhiteElo "2127"]
[BlackElo "1928"]
[Annotator "TA"]
[PlyCount "56"]
[EventDate "2020.08.15"]
[EventType "swiss"]
[EventCountry "POL"]
[SourceTitle "playchess.com"]
[Source "ChessBase"]
[SourceQuality "1"]

{[%evp 21,56,27,68,21,33,33,34,12,19,14,102,104,104,83,109,95,102,107,118,103,98,99,111,86,69,8,12,0,0,0,0,0,0,0,0,0,0]} 1. Nf3 Nf6 2. b3 e6 3. Bb2 Be7 4. e3 O-O 5. c4 d5 6. Nc3 b6 7. g3 Bb7 8. Bg2 c5 9. O-O Nc6 10. cxd5 exd5 11. d4 Qd7 12. Rc1 {A14: English Opening: 1...e6 with b3 by White.} (12. Ne5 $5 {[%cal Re5d7]} Qe6 13. Ne2 $14) 12... Rfd8 13. dxc5 bxc5 14. Na4 {White is slightly better.} Ne4 15. Nd2 {[#]} Nxd2 $146 (15... Qf5 $11) ({Predecessor:} 15... Qf5 16. Qc2 Nb4 17. Qb1 Ba6 18. Nxe4 Bd3 19. Qa1 dxe4 20. Bxg7 Bxf1 21. Rxf1 f6 {1-0 (30) Geller,E-Van Scheltinga,T Wijk aan Zee 1969}) 16. Qxd2 $16 c4 17. bxc4 Nb4 18. Qc3 {[%csl Gb2][%cal Rc3g7] [#]} f6 19. Qb3 Rab8 20. a3 Bc6 21. axb4 Rxb4 {[%mdl 64] [#] Double Attack} 22. Qd3 Rxa4 23. cxd5 (23. Bxd5+ $14 Bxd5 24. cxd5) 23... Bb5 $11 {The position is equal.} 24. Qb3 {Black must now prevent d6+.} Rb4 25. Qa2 Ra4 26. Qb3 Rb4 27. Qa2 {And now d6+ would win.} Ra4 28. Qb3 {Threatens to win with d6+.} Rb4 {Accuracy: White = 76%, Black = 82%.} 1/2-1/2